Statistiques concernant Appellations Vins de Bourgogne

Cliquez ici pour prendre le quiz!

Statistiques générales

  • Ce quiz a été pris 1 827 fois
    (1 823 depuis la dernière actualisation)
  • Le résultat moyen est 26 sur 76

Statistiques - réponses

Bourgogne - Chablis et Grand Auxerrois% Correct
Chablis
86%
Beaune
63%
Nuits-Saint-George
62%
Gevrey Chambertin
61%
Pommard
61%
Meursault
60%
Romanée-Conti
59%
Vosne-Romanée
57%
Petit chablis
54%
Pouilly-Fuissé
54%
Corton
51%
Aloxe Corton
50%
Chassagne-Montrachet
50%
Puligny-Montrachet
50%
Mercurey
48%
Marsannay
46%
Montrachet
46%
Volnay
46%
Vougeot
44%
Chambolle-Musigny
43%
Fixin
43%
Bâtard-Montrachet
42%
Chambertin
42%
Corton-Charlemagne
42%
Givry
40%
Morey-Saint-denis
39%
Rully
39%
Irancy
38%
Saint-Véran
38%
Savigny-les-Beaune
37%
Santenay
35%
Côte de beaune
34%
La Tâche
34%
Auxey-Duresses
33%
Chablis Grand Cru
33%
Echezeaux
33%
Saint-Romain
33%
Clos-de-Vougeot
31%
Saint-Aubin
30%
Ladoix
29%
Musigny
29%
Romanée-Saint-Vivant
29%
Saint-Bris
29%
Charlemagne
28%
Maranges
28%
Pernand-Vergelesses
28%
Pouilly-Loché
28%
Montagny
27%
Viré-Clessé
27%
Clos-de-Tart
26%
La Romanée
26%
Pouilly-Vinzelle
26%
Chevalier-Montrachet
25%
Chorey-Les-Beaune
25%
Grands-Echezeaux
25%
Monthélie
25%
Richebourg
24%
Bouzeron
23%
Bienvenues-Bâtard-Montrachet
22%
Charmes-Chambertin
22%
Chapelle-Chambertin
20%
Clos-Saint-Denis
20%
La Grande rue
20%
Clos-de-la-Roche
19%
Bonnes-Mares
18%
Criots-Bâtard-Montrachet
18%
Latricières-Chambertin
18%
Chambertin-Clos-de-Bèze
17%
Clos-des-Lambrays
17%
Mazis-Chambertin
17%
Blagny
16%
Griotte-Chambertin
16%
Côte de beaune-Village
15%
Mazoyères-Chambertin
15%
Ruchottes-Chambertin
15%
Volnay-Santenots
13%

Distribution des résultats

Percentile par nombre de réponses

% des personnes avec chaque résultat

Votre développement - résultats

Vous n’avez pas pris ce quiz depuis la dernière actualisation